| 000 | 00614cam a2200145 4500500 | ||
|---|---|---|---|
| 005 | 20260201161537.0 | ||
| 041 | _afre | ||
| 042 | _adc | ||
| 100 | 1 | 0 |
_aNaepels, Michel _eauthor |
| 245 | 0 | 0 | _aEric Wolf, Pathways of Power. Building an Anthropology of the Modern World. Preface by Sydel Silverman. Foreword by Aram A. Yengoyan. Berkeley, University of California Press, 2001, xx + 464 p., réf., index |
| 260 | _c2002. | ||
| 500 | _a17 | ||
| 786 | 0 | _nL'Homme | 163 | 3 | 2002-07-01 | p. 245a-310a | 0439-4216 | |
| 856 | 4 | 1 | _uhttps://shs.cairn.info/revue-l-homme-2002-3-page-245a?lang=fr&redirect-ssocas=7080 |
| 999 |
_c1643221 _d1643221 |
||